Gameplay and design

Spremljeno u:
Bibliografski detalji
Glavni autor: Oxland, Kevin
Format: Knjiga
Jezik:Undetermined
Izdano: London, UK Addison-Wesley 2004
Teme:
Oznake: Dodaj oznaku
Bez oznaka, Budi prvi tko označuje ovaj zapis!
Thư viện lưu trữ: Trung tâm Học liệu Trường Đại học Cần Thơ
LEADER 00504nam a2200205Ia 4500
001 CTU_117954
008 210402s9999 xx 000 0 und d
020 |c 53.99 
082 |a 794.8 
082 |b O.98 
100 |a Oxland, Kevin 
245 0 |a Gameplay and design 
245 0 |c Kevin Oxland 
260 |a London, UK 
260 |b Addison-Wesley 
260 |c 2004 
650 |a computer games 
650 |x programming 
904 |i Minh 
980 |a Trung tâm Học liệu Trường Đại học Cần Thơ